00603nam a2200205Ia 4500001001000000003000500010008004100015010001100056040000900067082001900076100002100095245006600116260004800182300001000230440004400240500003800284650001300322650001700335650004500352Para_7790CHAP220125s1925 xx 000 0 und d a206425 cCHAP aPA-C 595.75 H4 aKuwana, Inokichi aThe diaspine coccidae of Japa II. :b the genus Lepidosaphes aYokohama, Japan :b Departmment of Finance a42 p. aHemíptera ; 6 : technical bulltin ; 2 aEnc. con otros impresos similares aCoccidae aDiaspididae  aHemípteros x colecciones de escritos